[Event "Zagreb zt"]
[Site "Zagreb"]
[Date "1993.??.??"]
[Round "8"]
[White "Alterman, Boris"]
[Black "Gofshtein, Leonid D"]
[Result "1/2-1/2"]
[WhiteElo "2600"]
[BlackElo "2560"]
[Annotator "Ribli,Z"]
[PlyCount "138"]
[EventDate "1993.03.??"]
[EventType "tourn"]
[EventRounds "13"]
[EventCountry "CRO"]
[EventCategory "11"]
[SourceTitle "CBM 035"]
[Source "ChessBase"]
[SourceDate "1993.08.01"]
[SourceVersion "1"]
[SourceVersionDate "1993.08.01"]
[SourceQuality "1"]

1. d4 d6 2. c4 e5 3. Nf3 Nd7 4. Nc3 Ngf6 5. Bg5 h6 (5... Be7 {Novikov,
I-Hjartarson,J/Tilburg1992/CBM32/}) 6. Bh4 c6 7. e3 Be7 8. Qc2 Nh5 (8... O-O {
Kaidanov,G-Bosboom,M/Groningen-op/1990/CBM22/}) 9. Bxe7 Qxe7 10. O-O-O (10. Be2
$5 $14 {Knaak,R-Cifuentes Parada,R/Wijk aan Zee-B/1988/INF45,(74)/}) 10... Nhf6
11. g4 (11. Bd3 {Boensch,U-Blatny,P/Altensteig/1991/CBM25/}) 11... e4 (11...
Nxg4 12. Rg1 $14) 12. Nd2 d5 13. Be2 Nb6 14. c5 Nbd7 15. h4 Nf8 16. Rdg1 (16.
g5 Ng4 $13) 16... Be6 17. Qa4 (17. g5 hxg5 18. hxg5 Rxh1 19. Rxh1 Ng4 $13)
17... N8d7 18. g5 Ng8 (18... hxg5 19. hxg5 Rxh1 20. Rxh1 Ng4 21. Bxg4 Bxg4 22.
Nxd5 $1 cxd5 23. Rh8+ $18) 19. f4 exf3 20. Nxf3 Bf5 21. Kd2 Kf8 $5 22. Nd1 f6 (
22... Be4 23. Nf2 $14) 23. gxh6 Nxh6 24. h5 Kg8 25. Nh4 Nf8 26. Qb3 (26. Nf2 $5
Re8 27. Rg3 $14) 26... Be4 27. Bf3 Bxf3 28. Nxf3 Nf5 29. Qd3 Qe6 30. Nf2 b6 31.
Ng4 Nd7 32. h6 $1 $36 bxc5 33. hxg7 Rxh1 34. Rxh1 Kxg7 35. Rg1 Kf8 36. Ng5 $1
fxg5 37. Rf1 Kg7 38. Rxf5 Qg6 39. dxc5 Re8 40. Qd4+ Kg8 41. Nf6+ Kf7 (41...
Nxf6 42. Rxf6 $16) 42. Nxe8+ $18 Kxe8 (42... Qxf5 43. Nd6+ $18) 43. Rf1 Ke7 44.
e4 (44. b4 $18) 44... dxe4 45. Ke3 (45. Re1 $18) 45... Qe6 46. Qxe4 (46. Qg7+
Ke8 47. Rh1 $18) 46... Nxc5 47. Qxe6+ Kxe6 48. Rf8 (48. Rg1 Kf5 49. Rc1 $18)
48... Na4 49. b3 Nc3 50. a4 Nd5+ 51. Kd4 g4 52. Ra8 g3 53. Rg8 c5+ $1 54. Kxc5
Nf6 55. Rg7 Kf5 56. Kd4 Ng4 57. Rf7+ Kg5 58. Rf1 Nh2 59. Rh1 Kf4 (59... g2 $1
60. Rg1 (60. Rc1 Nf1 $19) 60... Nf3+ 61. Ke3 Nxg1 62. Kf2 Ne2 $19) 60. Kc5 g2
61. Rg1 Kg3 62. a5 Nf3 63. Rxg2+ Kxg2 64. a6 Kf2 65. b4 Ke3 66. b5 Ne5 67. Kd6
Kd4 68. Kc7 Nc4 69. Kb7 Kc5 1/2-1/2

[Event "USA-ch"]
[Site "Long Beach"]
[Date "1993.??.??"]
[Round "7"]
[White "Gulko, Boris F"]
[Black "Benjamin, Joel"]
[Result "0-1"]
[WhiteElo "2635"]
[BlackElo "2620"]
[Annotator "Ribli,Z"]
[PlyCount "174"]
[EventDate "1993.12.??"]
[EventType "tourn"]
[EventRounds "11"]
[EventCountry "USA"]
[EventCategory "14"]
[SourceTitle "CBM 039"]
[Source "ChessBase"]
[SourceDate "1994.04.01"]
[SourceVersion "1"]
[SourceVersionDate "1994.04.01"]
[SourceQuality "1"]

1. c4 e5 2. Nc3 Nf6 3. Nf3 d6 4. d4 e4 5. Ng5 Bf5 6. f3 (6. g4 $5 Bg6 $6 (6...
Bxg4 $5) 7. Bg2 $14 {Bellon Lopez,J-Hodgson,J/Dos Hermanas/1992/CBM31/}) 6...
exf3 7. gxf3 c5 8. d5 g6 9. e4 Bc8 10. Be3 Bg7 11. Qd2 Nbd7 12. f4 O-O 13. Rg1
(13. O-O-O Re8 14. Bd3 $13) 13... a6 14. a4 Re8 15. Bd3 Nf8 16. Rg3 (16. O-O-O
Ng4 $13) 16... Ng4 17. Bg1 h6 18. Nh3 (18. Nf3 f5 $17) 18... f5 19. O-O-O Bxc3
$1 20. Qxc3 fxe4 21. Be2 Nf6 22. f5 (22. Nf2 Kh7 23. Ng4 Nxg4 24. Bxg4 Bxg4 25.
Rxg4 Qd7 $17) 22... Bxf5 23. Be3 Kh7 24. Nf4 Qe7 25. Rf1 Qe5 $1 26. Qe1 (26.
Qd2 $5) 26... b5 $1 27. cxb5 axb5 28. Bxb5 Reb8 29. Qf2 (29. Qd2 Rxb5 $1 30.
axb5 Ra1+ 31. Kc2 Rxf1 $19) 29... Rxb5 30. axb5 Nxd5 31. Kb1 Nxf4 32. Qxf4 Qxf4
33. Rxf4 (33. Bxf4 $2 e3+ 34. Kc1 Ra1#) 33... Ne6 34. Rf2 d5 35. b4 d4 (35...
c4 $2 36. Rd2) 36. bxc5 dxe3 37. Rxe3 Nxc5 38. Rc2 Nd7 39. Rc7 Rb8 40. Rb3 Rb6
41. Rc6 Kg7 42. Kc1 Kf7 43. Rxb6 Nxb6 44. Rc3 Bd7 45. Re3 Nc4 46. Rb3 e3 47.
Kd1 Nd6 $1 48. Ke2 (48. b6 Ba4 $19) (48. Rd3 Bg4+ 49. Ke1 Nxb5 $19) 48... Bxb5+
49. Kxe3 Kf6 50. Rb4 Ke5 51. Kf2 Bd3 52. Ra4 Bc4 53. Rb4 Bd5 54. Ra4 Nf5 55.
Ra5 g5 56. Rb5 h5 57. Ra5 Ke4 58. Ra4+ Ke5 59. Ra5 g4 60. Rb5 h4 61. Ra5 Nd6
62. Kg1 Ne4 63. Ra4 Kf4 64. Kg2 Ke3 65. Ra3+ Ke2 66. Ra5 Nc3+ 67. Kg1 Ke1 68.
Ra1+ Kd2 69. Kf2 Ne4+ 70. Kf1 Ng5 71. Ra5 Bc4+ 72. Kf2 Nh3+ 73. Kg2 Nf4+ 74.
Kf2 Nh3+ 75. Kg2 Bd3 76. Ra4 Be2 77. Ra2+ Ke3 78. Ra3+ Bd3 79. Ra7 Be4+ 80. Kf1
Bd3+ 81. Kg2 Nf4+ 82. Kg1 Kf3 83. Rf7 Bc4 84. Rf5 Bd5 85. Rf8 g3 86. hxg3 hxg3
87. Kf1 Kg4 0-1

[Event "Interpolis"]
[Site "Tilburg"]
[Date "1992.10.09"]
[Round "1.2"]
[White "Novikov, Igor A"]
[Black "Hjartarson, Johann"]
[Result "0-1"]
[WhiteElo "2585"]
[BlackElo "2595"]
[Annotator "Ribli,Z"]
[PlyCount "110"]
[EventDate "1992.10.08"]
[EventType "k.o."]
[EventRounds "7"]
[EventCountry "NED"]
[SourceTitle "CBM 032"]
[Source "ChessBase"]
[SourceDate "1993.02.01"]
[SourceVersion "1"]
[SourceVersionDate "1993.02.01"]
[SourceQuality "1"]

1. d4 Nf6 2. c4 d6 3. Nc3 Nbd7 4. Nf3 e5 5. Bg5 Be7 6. e3 O-O (6... Ng8 7. Bxe7
Nxe7 8. Be2 Nc6 9. O-O O-O 10. Re1 exd4 11. Nxd4 Nxd4 12. Qxd4 $14 {Gulko,
B-Hickl,J Munich 1990 CBM/18}) 7. Qc2 c6 8. O-O-O Qc7 (8... Ng4 9. Bxe7 Qxe7
10. h3 Ngf6 11. g4 Re8 12. g5 Nh5 13. Be2 Nf8 14. dxe5 dxe5 15. h4 g6 16. Nd2
Bf5 17. Nde4 $16 {Mohr,D-Werner,D Budapest Cansys 1991 EXP/23}) (8... Qa5 9.
Bd3 Re8 10. g4 Nf8 11. h3 Be6 12. Kb1 Rac8 13. Bh4 $14 {Novikov,I-Gorbatov,A
Moscow op 1990 EXP/19}) 9. Bd3 Re8 10. h3 Nf8 11. Bh4 b6 $5 12. dxe5 (12. d5 $5
) 12... dxe5 13. g4 (13. Bg3 $5) 13... Bb7 14. Ne4 (14. Bg3 $5) 14... Nxe4 15.
Bxe4 Bxh4 16. Nxh4 g6 17. Nf3 Ne6 $13 18. Nd2 Nc5 19. Bg2 Rad8 20. Ne4 Qe7 21.
Nxc5 Qxc5 22. Rxd8 Rxd8 23. Rd1 Rxd1+ 24. Kxd1 h6 25. Qc3 a5 $15 26. a3 Ba6 27.
Bf1 Qd6+ 28. Ke1 c5 29. Bg2 Kf8 30. a4 Ke7 31. b3 Bc8 32. Qd2 f5 33. Qxd6+ Kxd6
34. gxf5 Bxf5 35. e4 (35. Kd2 $5) 35... Be6 36. f3 Ke7 37. Kf2 b5 $1 38. axb5
Bxc4 $1 39. b6 (39. bxc4 a4 $19) 39... Kd8 40. Ke3 Bxb3 41. Kd2 Kc8 42. f4 exf4
43. e5 Be6 44. Bf3 Bxh3 45. Bd5 g5 46. Kc3 a4 47. Kc4 a3 48. Kb3 f3 49. Bxf3
Be6+ 50. Kxa3 g4 51. Be4 h5 52. Kb2 h4 53. Kc3 g3 54. Kd2 c4 55. Ke3 c3 0-1

[Event "St Petersburg"]
[Site "St Petersburg"]
[Date "1992.??.??"]
[Round "?"]
[White "Savchenko, Stanislav"]
[Black "Zhuravlev, Valery Ivanovich"]
[Result "1-0"]
[WhiteElo "2505"]
[BlackElo "2485"]
[Annotator "Ribli,Z"]
[PlyCount "95"]
[EventDate "1992.??.??"]
[EventType "tourn"]
[EventRounds "11"]
[EventCountry "RUS"]
[EventCategory "10"]
[SourceTitle "CBM 030"]
[Source "ChessBase"]
[SourceDate "1992.10.01"]
[SourceVersion "1"]
[SourceVersionDate "1992.10.01"]
[SourceQuality "1"]

1. d4 Nf6 2. c4 d6 3. Nc3 e5 4. Nf3 e4 5. Ng5 (5. Nd2 $5 Qe7 6. e3 g6 7. Be2 h5
8. O-O Bh6 9. f3 $1 Bxe3+ 10. Kh1 O-O 11. Ndxe4 Bxc1 12. Qxc1 Nc6 13. Qd2 $16 {
Sokolov,I-Gheorghiu,F Kavala Balkaniad 1990 CBM/21 50/76}) 5... Qe7 (5... Bf5
6. g4 Bxg4 7. Bg2 Be7 8. Ngxe4 Nxe4 9. Bxe4 c6 10. Qd3 Bh5 11. Bf4 $14 {
Polugaevsky,L-Hickl,J Haifa 1989 48/91}) 6. g3 (6. h4 $5) 6... h6 7. Nh3 g5 8.
Bg2 Bf5 9. Qb3 $1 c6 10. O-O Bg7 11. f3 O-O 12. Nf2 exf3 13. exf3 Na6 14. g4
Be6 (14... Bg6 $5) 15. d5 Nc5 16. Qd1 cxd5 17. cxd5 Bd7 18. Re1 Qd8 19. Be3 Re8
20. b4 Na6 21. Qb3 $14 Nc7 22. Rac1 Nb5 23. Nxb5 Bxb5 24. a4 Bd7 25. Bf1 Rc8 $6
26. Bxa7 Rxc1 27. Rxc1 Qa8 28. Bd4 Nxg4 (28... Bxa4 $2 29. Qb2 $18) 29. Bxg7
Nxf2 30. Qb2 $1 Nh3+ 31. Bxh3 Bxh3 32. Bh8 Qa7+ 33. Kh1 Re5 $8 34. Bxe5 Qe3 (
34... dxe5 35. Re1 $18) 35. Bd4 Qxf3+ 36. Kg1 Qg4+ 37. Kf2 Qf5+ 38. Ke1 Qe4+
39. Kd2 Qxd5 40. Re1 Bf5 41. Re3 Kh7 42. b5 Kg6 43. Kc3 g4 44. Kb4 h5 45. Re8
Be6 46. Rg8+ Kf5 47. Qc2+ Kf4 48. Qd2+ 1-0

[Event "Dos Hermanas"]
[Site "Dos Hermanas"]
[Date "1992.??.??"]
[Round "8"]
[White "Bellon Lopez, Juan Manuel"]
[Black "Hodgson, Julian M"]
[Result "1-0"]
[WhiteElo "2435"]
[BlackElo "2545"]
[Annotator "Ribli,Z"]
[PlyCount "37"]
[EventDate "1992.05.??"]
[EventType "tourn"]
[EventRounds "9"]
[EventCountry "ESP"]
[EventCategory "10"]
[SourceTitle "CBM 031"]
[Source "ChessBase"]
[SourceDate "1992.12.01"]
[SourceVersion "1"]
[SourceVersionDate "1992.12.01"]
[SourceQuality "1"]

1. d4 d6 2. c4 e5 3. Nf3 e4 4. Ng5 Nf6 (4... f5 $5) 5. Nc3 Bf5 (5... Qe7 6. g3
(6. h4 $5 $14 h6 7. Nh3 g6 8. Nf4 c6 9. e3 Bg7 10. Be2 O-O 11. b3 Re8 12. Bb2
$14 {Vladimirov-Vasjukov URS-ch 1963}) 6... h6 7. Nh3 g5 8. Bg2 Bf5 9. Qb3 c6
10. O-O Bg7 11. f3 O-O 12. Nf2 exf3 13. exf3 Na6 14. g4 Be6 15. d5 Nc5 16. Qd1
cxd5 17. cxd5 Bd7 18. Re1 Qd8 19. Be3 Re8 20. b4 Na6 21. Qb3 $14 {Savcenko,
S-Zhuravlev,V St.Petersburg 1992 CBM/30}) 6. g4 $1 Bg6 $2 (6... Bxg4 7. Bg2 Be7
8. Ngxe4 Nxe4 9. Bxe4 c6 10. Qd3 Bh5 11. Bf4 Bg6 12. O-O-O $14 {Polugaevsky,
L-Hickl,J Haifa 1989 48/91}) 7. Bg2 Qe7 8. h4 $5 (8. Qc2 $5 e3 $2 9. Qa4+ $16)
8... h5 9. gxh5 Rxh5 10. Nh3 $1 Rxh4 11. Bg5 Rg4 12. Nd5 Qd7 (12... Qd8 13. Ne3
$16) 13. Bxf6 Rxg2 14. Ne3 $1 Rg4 15. Nxg4 Qxg4 16. Qb3 $1 gxf6 $2 (16... Nd7
17. Bg5 $16) 17. Qxb7 Bh5 18. Nf4 $1 $18 Qxf4 19. Qxa8 1-0

[Event "Bagneux Librairie Saint Germain"]
[Site "Bagneux"]
[Date "1981.07.??"]
[Round "?"]
[White "Schmidt, Wlodzimierz"]
[Black "Manouck, Thierry"]
[Result "*"]
[WhiteElo "2505"]
[BlackElo "2395"]
[Annotator "Stohl,I"]
[PlyCount "36"]
[EventDate "1981.07.??"]
[EventType "tourn"]
[EventRounds "9"]
[EventCountry "FRA"]
[EventCategory "7"]
[SourceTitle "EXT 2014"]
[Source "ChessBase"]
[SourceDate "2013.11.20"]
[SourceVersion "1"]
[SourceVersionDate "2013.11.20"]
[SourceQuality "1"]

1. d4 Nf6 2. c4 d6 3. Nc3 e5 4. Nf3 e4 5. Ng5 Qe7 6. Qc2 Bf5 7. g4 Bg6 8. Bg2
Nc6 9. Nd5 $2 (9. Ngxe4 Nxe4 10. Bxe4 Nxd4 $10) 9... Nxd4 $1 10. Qa4+ Qd7 11.
Nxc7+ Kd8 12. Qxd7+ Kxd7 13. Nxa8 Nc2+ 14. Kd1 Nxa1 15. Be3 $8 (15. h3 h6 $19)
15... Be7 16. Kd2 Rxa8 17. Rxa1 h6 18. Nh3 Nxg4 $19 *